| 000 | 00530nam a2200121Ia 4500 | ||
|---|---|---|---|
| 008 | 231221s9999 xx 000 0 und d | ||
| 041 | _aEnglish | ||
| 082 | _aQPDEUG14-6917 | ||
| 245 | 0 | _aAntenna Theory and Design [e resource : question paper] : End semester assessment (ESA) M Tech First Semester degree exam, December14/Jan 15 (UE14DE502) | |
| 260 |
_c2014 _bPES University _aBangalore |
||
| 650 | _aAntenna,[e,paper], En, semeste, assesmen, (ESA, , Tec, Firs, Semeste, degre, exam, December14/Ja, 1, (UE14DE502) | ||
| 942 | _cDL | ||
| 999 |
_c230977 _d230977 |
||